000 01422nam a2200229Ia 4500
003 Ost
005 20260507075641.0
008 260507s9999||||xx |||||||||||||| ||und||
040 _cfsecg
041 _aara
082 _a330.121
100 _aالدبو، ابراهيم فاضل
_eمؤلف
245 0 _aعقد المضاربة :
_bدراسة في الإقتصاد الإسلامي /
_c ابراهيم فاضل الدبو
260 _aعمان:
_bدار عمار,
_c1998
300 _a354 صفحة؛
_bإيضاحات ؛
_c24 سم
504 _aالمراجع ص.340
520 _aفي الشركة بصورة عامة- في التعريف بالمضاربة ودليل مشروعيتها- أركان المضاربة وشروط انعقادها- عقد المضاربة- طرفا عقد المضاربة- وظيفة العامل في مال المضاربة- الربح في المضاربة- أحكام المضاربة- أنواع المضاربة بالنسبة لآثارها المترتبة عليها- حكم المضاربة الصحيحة- حكم المضاربة الفاسدة- انتهاء المضاربة وما يترتب على ذلك من أحكام- أسباب انتهاء المضاربة- حكم انتهاء المضاربة عند اختلاف طرفيها
653 _aالإقتصاد
653 _aالإقتصاد الإسلامي
653 _aالمضاربة
942 _cكتاب
999 _c45409
_d45409